この駅ある?(旧国名篇) - Statistics

General Stats
  • This quiz has been taken 143 times
  • The average score is 7 of 18
Answers on the Grid
Answers color-coded by a green-red scale on the quiz's grid according to % correct below.
渡島駅
石狩駅
十勝駅
根室駅
日高駅
釧路駅
北見駅
後志駅
胆振駅
天塩駅
千島駅
陸奥駅
陸中駅
陸前駅
羽後駅
羽前駅
岩代駅
磐城駅
常陸駅
下野駅
上野駅
武蔵駅
下総駅
上総駅
安房駅
相模駅
佐渡駅
越後駅
越中駅
加賀駅
能登駅
越前駅
若狭駅
甲斐駅
信濃駅
飛騨駅
美濃駅
遠江駅
駿河駅
伊豆駅
三河駅
尾張駅
伊勢駅
伊賀駅
志摩駅
近江駅
山城駅
丹波駅
丹後駅
摂津駅
河内駅
和泉駅
播磨駅
但馬駅
淡路駅
大和駅
紀伊駅
因幡駅
伯耆駅
出雲駅
石見駅
美作駅
備前駅
備中駅
備後駅
安芸駅
長門駅
周防駅
阿波駅
讃岐駅
伊予駅
土佐駅
筑前駅
筑後駅
豊前駅
豊後駅
肥後駅
肥前駅
壱岐駅
対馬駅
日向駅
大隅駅
薩摩駅
琉球駅
 
Answer Stats
Answer % Correct
北海道
JR北海道 根室本線 など
釧路駅
83%
北海道
JR北海道根室本線
根室駅
82%
北海道
JR北海道 石北本線
北見駅
78%
東京都
JR東日本 山手線 など
上野駅
77%
大阪府
阪急 京都本線 など
淡路駅
57%
茨城県
JR東日本 水戸線
神奈川県
相鉄 本線
大和駅
56%
和歌山県
JR西日本 阪和線
紀伊駅
43%
高知県
土佐くろしお鉄道 阿佐線
安芸駅
38%
千葉県
JR東日本 総武本線
日向駅
38%
広島県
JR西日本 山陽本線
河内駅
32%
大阪府
大阪モノレール 本線
摂津駅
27%
奈良県
近鉄 橿原線
石見駅
23%
奈良県
近鉄 田原本線
但馬駅
22%
和歌山県
JR西日本 紀勢本線
岩代駅
21%
福岡県
JR九州 香椎線
伊賀駅
21%
奈良県
近鉄 南大阪線
磐城駅
18%
三重県
養老鉄道線
播磨駅
18%
三重県
三岐鉄道 三岐線
山城駅
13%
No matching quizzes found
Score Distribution
Percent of People with Each Score
Percentile by Number Answered
Your Score History
You have not taken this quiz